|
|
|
|
| LEADER |
00000nam0a2200000 4500 |
| 001 |
128646 |
| 005 |
20231101220127.0 |
| 010 |
|
|
|a 0521774713
|
| 035 |
|
|
|a (RuTPU)RU\TPU\book\139194
|
| 035 |
|
|
|a RU\TPU\book\42532
|
| 090 |
|
|
|a 128646
|
| 100 |
|
|
|a 20020619d2005 m y0engy50 ba
|
| 101 |
0 |
|
|a eng
|
| 102 |
|
|
|a GB
|
| 105 |
|
|
|a a j 000zy
|
| 200 |
1 |
|
|a New International Business English
|a Communication skills in English for business purposes
|e Teacher's Book
|f L. Jones, R. Alexander
|
| 205 |
|
|
|a Updated Edition
|
| 210 |
|
|
|a Cambridge
|c Cambridge University Press
|d 2005
|
| 215 |
|
|
|a 224 p.
|c il.
|
| 606 |
1 |
|
|a Английский язык
|x Учебные руководства и пособия
|x Учебные руководства и пособия для высшей школы
|2 stltpush
|3 (RuTPU)RU\TPU\subj\29071
|9 52483
|
| 610 |
1 |
|
|a лексика
|
| 610 |
1 |
|
|a грамматика
|
| 610 |
1 |
|
|a деловое общение
|
| 610 |
1 |
|
|a методика
|
| 610 |
1 |
|
|a обучение
|
| 610 |
1 |
|
|a преподавание
|
| 610 |
1 |
|
|a бизнес
|
| 686 |
|
|
|a Ш143.21-923
|v LBC/SL-A
|2 rubbk
|
| 700 |
|
1 |
|a Jones
|b L.
|g Leo
|
| 701 |
|
1 |
|a Alexander
|b R.
|g Richard
|
| 801 |
|
1 |
|a RU
|b 63413507
|c 20080109
|g PSBO
|
| 801 |
|
2 |
|a RU
|b 63413507
|c 20141024
|g PSBO
|
| 942 |
|
|
|c BK
|
| 959 |
|
|
|a 96/20071224
|d 2
|e 526,28
|f ЧЗИЛ:1
|f ЯЦ_ФТФ:1
|